Labour markets, social justice and economic efficiency (Record no. 46966)

000 -LEADER
fixed length control field 01146pab a2200193 454500
008 - FIXED-LENGTH DATA ELEMENTS--GENERAL INFORMATION
fixed length control field 180718b2000 xxu||||| |||| 00| 0 eng d
100 ## - MAIN ENTRY--PERSONAL NAME
Personal name Kitson, Michael
245 ## - TITLE STATEMENT
Title Labour markets, social justice and economic efficiency
260 ## - PUBLICATION, DISTRIBUTION, ETC.
Date of publication, distribution, etc. 2000
300 ## - PHYSICAL DESCRIPTION
Extent p.631-41
362 ## - DATES OF PUBLICATION AND/OR SEQUENTIAL DESIGNATION
Dates of publication and/or sequential designation Nov
520 ## - SUMMARY, ETC.
Summary, etc. In conventional economic theory, a trade-off supposedly exists between social justice and economic efficiency. In reality, market and other economic institutions are dominated by power relations, sos that the sponsorship of social justice is a productive factor. Neo-liberal economic policies, by lifting the constraints on the exercise of unequal power, increased injustice and triggered a downward economic and social spiral. Reversing this requires a revolution in economic theory and policy focused on full employment, the working of labour markets, the organisation of work, and household organisation, social provision and self-sufficiency. - Reproduced
650 ## - SUBJECT ADDED ENTRY--TOPICAL TERM
Topical term or geographic name entry element Social justice
650 ## - SUBJECT ADDED ENTRY--TOPICAL TERM
Topical term or geographic name entry element Labour market
700 ## - ADDED ENTRY--PERSONAL NAME
Personal name Wilkinson, Frank
700 ## - ADDED ENTRY--PERSONAL NAME
Personal name Martin, Ron
773 ## - HOST ITEM ENTRY
Main entry heading Cambridge Journal of Economics
909 ## -
-- 46966
Holdings
Withdrawn status Lost status Damaged status Not for loan Permanent Location Current Location Date acquired Serial Enumeration / chronology Barcode Date last seen Price effective from Koha item type
        Indian Institute of Public Administration Indian Institute of Public Administration 2018-07-19 Volume no: 24, Issue no: 6 AR47394 2018-07-19 2018-07-19 Articles

Powered by Koha